Normal view MARC view
  • VEHICLE ELECTRICAL SYSTEMS BATTERY FOR VEHICLES

Entry Topical Term

Number of records used in: 1

001 - CONTROL NUMBER

  • control field: 56102

003 - CONTROL NUMBER IDENTIFIER

  • control field: NUST

005 - DATE AND TIME OF LATEST TRANSACTION

  • control field: 20210628201631.0

008 - FIXED-LENGTH DATA ELEMENTS

  • fixed length control field: 210628|| aca||aabn | a|a d

040 ## - CATALOGING SOURCE

  • Original cataloging agency: NUST
  • Transcribing agency: NUST

150 ## - HEADING--TOPICAL TERM

  • Topical term or geographic name entry element: VEHICLE ELECTRICAL SYSTEMS BATTERY FOR VEHICLES

670 ## - SOURCE DATA FOUND

  • Source citation: Work cat.: (NUST): Reasbeck, Philip Smith, James.G 56101, Batteries for automotive use, 1997
© 2023 Central Library, National University of Sciences and Technology. All Rights Reserved.